Greatest NBA Player from each Franchise - Statistics

General Stats
  • This quiz has been taken 1,616 times
    1,490 since last reset
  • The average score is 25 of 30
Answer Stats
Team Player % Correct
Cleveland Cavaliers LeBron James
98%
Chicago Bulls Michael Jordan
97%
Oklahoma City Thunder Russell Westbrook
97%
Golden State Warriors Stephen Curry
96%
Los Angeles Lakers Kobe Bryant
94%
Dallas Mavericks Dirk Nowitzki
93%
Miami Heat Dwyane Wade
93%
Boston Celtics Bill Russell
92%
Houston Rockets Hakeem Olajuwon
91%
Milwaukee Bucks Kareem Abdul-Jabbar
91%
San Antonio Spurs Tim Duncan
91%
Orlando Magic Shaquille O'Neal
90%
Detroit Pistons Isiah Thomas
87%
Utah Jazz Karl Malone
87%
Minnesota Timberwolves Kevin Garnett
87%
Indiana Pacers Reggie Miller
87%
New Orleans Pelicans Chris Paul
85%
Portland Trail Blazers Damian Lillard
84%
New York Knicks Patrick Ewing
84%
Atlanta Hawks Dominique Wilkins
83%
Phoenix Suns Steve Nash
82%
Toronto Raptors Vince Carter
81%
Brooklyn Nets Jason Kidd
77%
Philadelphia 76ers Julius Erving
77%
Denver Nuggets Nikola Jokic
76%
Charlotte Hornets Kemba Walker
73%
Washington Wizards Wes Unseld
58%
Los Angeles Clippers Bob McAdoo
50%
Sacramento Kings Chris Webber
49%
Memphis Grizzlies Zach Randolph
47%
No matching quizzes found
Score Distribution
Percent of People with Each Score
Percentile by Number Answered
Your Score History
You have not taken this quiz since the last reset